00000000nam##2200000za#4500
0019.700487
003CaOODSP
00520250506145324
007cr |||||||||||
008150407|1974||||xxc|||||o    f|0| 0 eng|d
040 |aCaOODSP|beng
043 |an-cn---
0861 |aA53-1276/1974E-PDF
1101 |aCanada.|bAgriculture Canada.
24510|aStoring bulbs |h[electronic resource]
250 |aRev., reprinted 1978
260 |aOttawa - Ontario : |bAgriculture Canada |c1974.
300 |a8p.|btables
500 |aHistorical publication digitized by Agriculture and Agri-Food Canada.
590 |a15-05-Supp|b2015-03-31
69007|aFlora|2gcpds
77508|tSoins des bulbes |w(CaOODSP)9.644368
85640|ahttp://publications.gc.ca|qPDF|s412 KB|uhttps://publications.gc.ca/collections/collection_2015/aac-aafc/A53-1276-1974-eng.pdf
986 |aPublication 1276